Geografía de América por letra - G - Estadísticas

Estadísticas generales
  • Esta prueba ha sido intentada 1.767 veces
  • La puntuación promedio es 9 de 18
Estadísticas de respuestas
Pista Respuesta % Correcto
País centroamericano Guatemala
97%
Único país angloparlante de Sudamérica Guyana
95%
Archipiélago ecuatoriano y importante lugar para la teoría de evolución Galapagos
81%
Tipo de cuerpo de agua. Por ejemplo: ____ de México o de California Golfo
79%
País del Caribe Granada
72%
Capital de Jalisco Guadalajara
68%
Capital de ese país Georgetown
65%
Región que ese país forma con Surinam y un departamento francés Las {Guayanas}
42%
Superior, Míchigan, Hurón, Erie y Ontario Grandes Lagos
41%
Archipiélago francés de las Antillas Guadalupe
41%
Patrimonio de la Humanidad en Arizona Gran Cañón
40%
Una de las ciudades más pobladas de la costa pacífica de Sudamérica Guayaquil
38%
Ciudad, provincia o bahía de Cuba Guantánamo
33%
Una ciudad histórica del estado homónimo en México Guanajuato
21%
Este estado rodea el Distrito Federal de Brasil Goiás
18%
Puerto cerca de Houston Galveston
11%
Dos de los departamentos colombianos menos adivinados en JetPunk Guainía
8%
Dos de los departamentos colombianos menos adivinados en JetPunk Guaviare
8%
No se encontraron pruebas coincidentes
Distribución de puntuación
Porcentaje de gente con cada puntuación
Porcentaje por número respondido
Historial de tus puntuaciones
No has intentado esta prueba.